Stroitel'nyje svojstva glinistych i pesčanych gruntov Litvy
Gespeichert in:
| 1. Verfasser: | |
|---|---|
| Weitere Verfasser: | , |
| Format: | Buch |
| Sprache: | Russisch |
| Veröffentlicht: |
Vil'njus
Mokslas
1979
|
| Tags: |
Keine Tags, Fügen Sie das erste Tag hinzu!
|
MARC
| LEADER | 00000nam a2200000 4500 | ||
|---|---|---|---|
| 001 | c140257 | ||
| 005 | 20041019155318.3 | ||
| 041 | 0 | |a rus | |
| 044 | |a LT | ||
| 245 | 1 | 0 | |a Stroitel'nyje svojstva glinistych i pesčanych gruntov Litvy |c Jonas Jurgijevič Šimkus, A.A. Alikonis, B.A. Sidauga |
| 264 | 1 | |a Vil'njus |b Mokslas |c 1979 | |
| 300 | |a 98 s. | ||
| 100 | 1 | |a Šimkus, Jonas Jurgijevič | |
| 700 | 1 | |a Alikonis, A.A. | |
| 700 | 1 | |a Sidauga, B.A. | |